000 00361nam a2200145Ia 4500
008 230917s9999||||xx |||||||||||||| ||und||
040 _e28322
_aMAIN
041 _aEnglish
082 _aB D542N:D
100 _aNaqvi, Kahkashan
245 0 _aDiana: A candle in the wind
260 _aChandigarh
_bAbhishek Publications
_c1997
300 _a144 p.
942 _cBK
999 _c91513
_d91513